Länder mit dem niedrigsten BIP - Statistiken

Allgemein
  • Dieses Quiz wurde 132 mal gespielt
  • Das Durchschnittsergebnis liegt bei 25 aus 40
Antwortstatistiken
Rang Land BIP in Mio. US-$ % Korrekt
189 Mikronesien 414
78%
193 Nauru 119
76%
190 Palau 280
76%
191 Marshallinseln 237
75%
187 Tonga 517
75%
184 Samoa 851
74%
182 St. Kitts und Nevis 1.066
72%
185 St. Vincent und die Grenadinen 824
72%
183 Vanuatu 933
72%
167 Lesotho 2.428
71%
194 Tuvalu 47
71%
181 Komoren 1.190
70%
178 Salomonen 1.598
70%
169 St. Lucia 2.122
70%
162 Dschibuti 3.346
69%
175 Seychellen 1.651
69%
164 Burundi 3.111
67%
170 Eritrea 1.982
67%
159 Eswatini 4.587
66%
188 São Tomé und Príncipe 422
66%
186 Dominica 588
65%
180 Grenada 1.218
65%
179 Guinea-Bissau 1.440
64%
155 Barbados 5.209
63%
173 Gambia 1.818
63%
192 Kiribati 195
63%
176 Osttimor 1.620
63%
170 Kap Verde 1.982
62%
157 Somalia 4.942
61%
174 Antigua und Barbuda 1.662
58%
160 Sierra Leone 4.213
55%
166 Bhutan 2.500
54%
158 Südsudan 4.934
53%
168 Zentralafrikanische Republik 2.277
53%
172 Belize 1.837
51%
177 San Marino 1.602
51%
163 Liberia 3.176
47%
161 Suriname 3.697
41%
156 Guyana 5.174
39%
165 Aruba 2.888
6%
Keine übereinstimmenden Quizze gefunden
Verteilung der Resultate
Anzahl Personen mit jedem Resultat
Perzentil nach korrekt beantworteten Fragen
Ihre Resultats-Entwicklung
Sie haben dieses Quiz noch nicht gespielt